Minecraft Vocabulary #5 - Statistics

General Stats
  • This quiz has been taken 19 times
  • The average score is 12 of 15
Answer Stats
Term Word % Correct
You need this in order to ride horses, pigs, or striders Saddle
100%
When you press 'E' on PC or Y on Xbox, you see this Inventory
94%
Underground structure where you can find railways Mineshaft
94%
Mixing water with a lava source block can make this Obsidian
94%
Style of mining of mining two blocks apart each time Strip
94%
Mob that "cries" but there is also a "happy" variant of it Ghast
83%
Block made of iron that lets items travel into chests Hopper
83%
This block lets you play music discs by clicking on it Jukebox
83%
Use this block to catch rainwater or dye your clothes Cauldron
78%
Enchantment that lets your sword light things on fire Fire Aspect
78%
Village type with zombie villagers and lots of cobwebs Abandoned
72%
This can happen to stone or deepslate when mined Cobble
72%
Do NOT feed this to parrots, although you can eat it Cookie
67%
Projectile weapon that you can use Quick Charge on Crossbow
67%
Another structure that has mob spawners and chests Dungeon
61%
No matching quizzes found
Score Distribution
Percent of People with Each Score
Percentile by Number Answered
Your Score History
You have not taken this quiz